Movies Quiz

Random Movies or Cartoons Quiz

Disney Animated Movies by Castle Quiz Stats

 Plays Quiz Updated Jul 29, 2015

Challenge
Share
Tweet
Score 0/24 Timer 08:00
30 Plays Today
% Correct
The Sultan's Palace from Aladdin
98%
Elsa's Ice Castle from Frozen
97.5%
The Red Queen's Castle from Alice in Wonderland
92.2%
The Emperor's Palace from Mulan
91.5%
Nani and David's Sandcastle from Lilo & Stitch
91.2%
King Triton's Palace from The Little Mermaid
87.6%
The Ancient Ruins from The Jungle Book
83.9%
Tiana's Palace from The Princess and the Frog
80.9%
Corona Castle from Tangled
79.5%
Maleficent's Castle from Sleeping Beauty
79.4%
DunBroch Castle from Brave
79%
Mount Olympus from Hercules
78.9%
% Correct
The King's Castle from Cinderella
68.4%
Emperor Kuzco's Palace from The Emperor's New Groove
67.3%
The Queen's Castle from Snow White and the Seven Dwarfs
64.9%
The Atlantean Royal Palace from Atlantis: The Lost Empire
60.4%
Prince John's Castle from Robin Hood
56.5%
Sugar Rush Castle from Wreck-It Ralph
51.8%
Beast's Castle from Beauty and the Beast
43.4%
Toad Hall from The Adventures of Ichabod and Mr. Toad
42.7%
Hell Hall from One Hundred and One Dalmatians
41.9%
Sir Ector's Castle from The Sword in the Stone
34.4%
Willie the Giant's Castle from Fun and Fancy Free
26.4%
The Horned King's Ancient Castle from The Black Cauldron
19.4%

You're not logged in!

Compare scores with friends on all Sporcle quizzes.
OR
Log In

You Might Also Like...

Show Comments

Extras

Top Quizzes Today


Score Distribution

Your Account Isn't Verified!

In order to create a playlist on Sporcle, you need to verify the email address you used during registration. Go to your Sporcle Settings to finish the process.

Report this User

Report this user for behavior that violates our Community Guidelines.

Details: